000 00550nam a2200145 4500
999 _c15959
_d15959
008 210125b ||||| |||| 00| 0 eng d
022 _a0732-8435
082 _aDPer 657.05 C33 Feb - Aug 2012, v. 82
100 _aHarvey, Louis S.
_942820
245 _aMajor duties for 401(k) plan sponsors and vendors:
_bexpanded regulations under ERISA/
_cLouis S. Harvey.
260 _aNew York:
_bThe New York State Society of CPA,
_c©2012.
300 _av82 n2, pages 58-59:
_bcolor illustration;
_c28 cm.
650 _aInvestments.
_942821
942 _2ddc
_cPER